| 000 | 01050cam a22002775a 4500 | ||
|---|---|---|---|
| 001 | 18401020 | ||
| 005 | 20161113145322.0 | ||
| 008 | 141209s2016 nyua frb 001 0 eng d | ||
| 020 | _a9781138812093 | ||
| 040 |
_aDLC _beng _cDLC _dEG-ScBUE |
||
| 082 | 0 | 4 |
_a006.696 _222 _bSHA |
| 100 | 1 | _aShaw, Austin. | |
| 245 | 1 | 0 |
_aDesign for motion : _bmotion design techniques & fundamentals / _cwritten by Austin Shaw ; edited by Danielle Shaw. |
| 260 |
_aNew York ; _aOxon : _bFocal Press / Taylor & Francis Group, _c2016. |
||
| 300 |
_axxii, 334 p. : _bill. ; _c24 cm. |
||
| 500 | _aIndex : p. 327-334. | ||
| 504 | _aIncludes bibliographical references. | ||
| 650 | 7 |
_aComputer animation _xStudy and teaching (Higher) _2BUEsh |
|
| 650 | 7 |
_aComputer graphics _xStudy and teaching (Higher) _2BUEsh |
|
| 650 | 0 |
_aAnimation (Cinematography) _xStudy and teaching (Higher) _2BUEsh |
|
| 650 | 0 |
_aTelevision graphics _xStudy and teaching (Higher) _2BUEsh |
|
| 651 | _2BUEsh | ||
| 653 |
_bCOMAME _cNovember2016 |
||
| 700 | 1 |
_aShaw, Danielle, _eeditor. |
|
| 942 | _2ddc | ||
| 999 |
_c23103 _d23075 |
||